[Event "British Chess Championships 2023: U12 Championship"]
[Site "The Venue, De Montfort University, 20 Western Boulevard, Leicester, LE2 7BU"]
[Date "2023.07.26"]
[Round "2"]
[Board "11"]
[White "Ding, Yiwen"]
[Black "Steiners, Emils"]
[Result "0-1"]
[ECO ""]
[WhiteElo "1511"]
[BlackElo "1725"]
[PlyCount "0"]
[EventDate "2023.07.25"]
[EventRounds "7"]
[EventCountry "ENG"]

1. d4 d5 2. c4 e6 3. Nc3 Nf6 4. Bg5 Nbd7 5. e3 c6 6. Nf3 Qa5 7. cxd5 Nxd5 8. Rc1
Nxc3 9. bxc3 Qxa2 10. e4 Qa5 11. Bc4 Qc7 12. Bb3 b5 13. d5 Nc5 14. dxe6 Bxe6 15.
Bxe6 Nxe6 16. Bh4 Be7 17. Bxe7 Qxe7 18. Ne5 Nf4 19. Nf3 Qxe4+ 20. Kf1 O-O 21. Qd4
Qe2+ 22. Kg1 Rad8 23. Re1 Rxd4 24. Rxe2 Nxe2+ 25. Kf1 Rd1+ 26. Ne1 Re8 27. g4 Ng3+
28. hxg3 Rexe1+ 29. Kg2 Rxh1 30. g5 a5 31. g6 a4 32. gxh7+ Kxh7 33. c4 a3 34. c5
a2 35. g4 Kh6 36. g5+ Kxg5 37. f4+ Kg4 38. f5 a1=R 39. Kf2 Kf4  0-1

[Event "British Chess Championships 2023: U12 Championship"]
[Site "The Venue, De Montfort University, 20 Western Boulevard, Leicester, LE2 7BU"]
[Date "2023.07.26"]
[Round "2"]
[Board "12"]
[White "Gunarathne, Senith"]
[Black "Chandrashekhar, Druha"]
[Result "1-0"]
[ECO ""]
[WhiteElo "1460"]
[BlackElo "1516"]
[PlyCount "0"]
[EventDate "2023.07.25"]
[EventRounds "7"]
[EventCountry "ENG"]

1. e4 e5 2. Nf3 d6 3. d4 Bg4 4. dxe5 Nd7 5. Be2 Bxf3 6. Bxf3 Nxe5 7. Be2 Nf6 8. Nc3
Be7 9. Be3 O-O 10. O-O Qd7 11. h3 c6 12. Qd2 Rad8 13. Rad1 b5 14. b4 d5 15. exd5
Bxb4 16. Qd4 Qe7 17. Bg5 c5 18. Qe3 Bxc3 19. Qxc3 Nxd5 20. Rxd5 f6 21. Rxe5 Qxe5
22. Qxe5 fxe5 23. Bxd8 Rxd8 24. Rd1 Rb8 25. Rd5 e4 26. Rxc5 a6 27. Re5 Rc8 28. c4
bxc4 29. Rxe4 c3 30. Rc4 Rxc4 31. Bxc4+ Kf8 32. Bb3 Ke7 33. Kf1 Kd6 34. Ke2 Kc5 35.
Kd3 Kb4 36. Bg8 h6 37. Kc2 g5 38. g3 h5 39. f4 h4 40. gxh4 gxf4 41. Bd5 Kc5 42. Bf3
Kd6 43. Kxc3 Ke6 44. Kd4 Kf5 45. Bg4+ Kf6 46. Ke4 a5 47. Kxf4 a4 48. a3 Ke7 49. Be2
Kd6 50. Bd1 Kc5 51. Bxa4 Kd6 52. h5 Ke7 53. h6 Kf6 54. h7 Ke7 55. h8=Q Kd8 56. Qg7
Kc8 57. h4 Kb8 58. Bc6 Kc8 59. Qd7+ Kb8 60. Qb7#  1-0

[Event "British Chess Championships 2023: U12 Championship"]
[Site "The Venue, De Montfort University, 20 Western Boulevard, Leicester, LE2 7BU"]
[Date "2023.07.26"]
[Round "2"]
[Board "13"]
[White "Blin, Henri"]
[Black "Lebedev, Lion"]
[Result "0-1"]
[ECO ""]
[WhiteElo "1211"]
[BlackElo "1719"]
[PlyCount "0"]
[EventDate "2023.07.25"]
[EventRounds "7"]
[EventCountry "ENG"]

1. e4 e5 2. Nf3 Nc6 3. d4 exd4 4. Bc4 Bc5 5. c3 Nf6 6. Nxd4 O-O 7. f3 d5 8. Nxc6
bxc6 9. Bd3 Nh5 10. g3 dxe4 11. fxe4 Nf6 12. h3 Re8 13. Qf3 Nxe4 14. Bxe4 Qd5 15.
Nd2 Bf5  0-1

[Event "British Chess Championships 2023: U12 Championship"]
[Site "The Venue, De Montfort University, 20 Western Boulevard, Leicester, LE2 7BU"]
[Date "2023.07.26"]
[Round "2"]
[Board "14"]
[White "Richmond, Frank"]
[Black "Brown, John"]
[Result "1-0"]
[ECO ""]
[WhiteElo "1708"]
[BlackElo "1486"]
[PlyCount "0"]
[EventDate "2023.07.25"]
[EventRounds "7"]
[EventCountry "ENG"]

1. e4 e5 2. Nc3 Nf6 3. f4 Nc6 4. fxe5 Nxe5 5. d4 Ng6 6. e5 Ng8 7. Nf3 d6 8. Qe2 d5
9. Qf2 Bg4 10. Ng5 Qd7 11. Bb5 c6 12. O-O f6 13. e6 Bxe6 14. Nxe6 cxb5 15. Nxb5 Bd6
16. Nxg7+ Kf8 17. Nxd6 Kxg7 18. Nf5+ Kf8 19. Ng3 Qf7 20. Bg5 h5 21. Qf3 Rh7 22. Bxf6
h4 23. Ne2 Nxf6 24. Qxf6 Qxf6 25. Rxf6+ Kg7 26. Raf1 Nh8 27. R1f5 Re8 28. Nf4 Re1+
29. Kf2 Rb1 30. Ne6+  1-0

[Event "British Chess Championships 2023: U12 Championship"]
[Site "The Venue, De Montfort University, 20 Western Boulevard, Leicester, LE2 7BU"]
[Date "2023.07.26"]
[Round "2"]
[Board "15"]
[White "Gullapelly, Kshetragna"]
[Black "Catabay, Rezin C"]
[Result "0-1"]
[ECO "A00"]
[WhiteElo "543"]
[BlackElo "1579"]
[PlyCount "34"]
[EventDate "2023.07.25"]
[EventRounds "7"]
[EventCountry "ENG"]

1. Nf3 d5 2. d4 c5 3. e3 Nc6 4. Nc3 Nf6 5. dxc5 e6 6. Bd3 Bxc5 7. O-O e5 8. Qe2 e4
9. Rd1 exf3 10. Qxf3 Bg4 11. Qg3 Bxd1 12. Nxd1 Qd6 13. Qxg7 O-O-O 14. Bf5+ Kb8 15.
e4 dxe4 16. Bg5 Qxd1+ 17. Rxd1 Rxd1#  0-1

[Event "British Chess Championships 2023: U12 Championship"]
[Site "The Venue, De Montfort University, 20 Western Boulevard, Leicester, LE2 7BU"]
[Date "2023.07.26"]
[Round "2"]
[Board "17"]
[White "Hariharan, Shambavi"]
[Black "Wang, Yuan Ya"]
[Result "1-0"]
[ECO "A00"]
[WhiteElo "1615"]
[BlackElo "1130"]
[PlyCount "59"]
[EventDate "2023.07.25"]
[EventRounds "7"]
[EventCountry "ENG"]

1. d4 d5 2. c4 e6 3. g3 Nf6 4. Bg2 Bb4+ 5. Nc3 O-O 6. Nf3 Ne4 7. Qc2 f6 8. O-O Bxc3
9. bxc3 Nc6 10. e3 b6 11. cxd5 exd5 12. c4 Bf5 13. Nh4 Nxg3 14. Nxf5 Nxf1 15. Bxd5+
Kh8 16. Bxc6 Nxe3 17. Bxe3 Rb8 18. Qe4 g6 19. Ng3 Qd6 20. Bf4 Qb4 21. Bh6 Qb2 22.
Rb1 Qxa2 23. Bxf8 Rxf8 24. Bd5 c6 25. Bxc6 Qxc4 26. Bd5 Qc7 27. Qe6 Qc2 28. Re1 Kg7
29. Qe7+ Rf7 30. Qxf7+  1-0

[Event "British Chess Championships 2023: U12 Championship"]
[Site "The Venue, De Montfort University, 20 Western Boulevard, Leicester, LE2 7BU"]
[Date "2023.07.26"]
[Round "2"]
[Board "18"]
[White "Czarnuch, Dominic"]
[Black "Bates, Hubert"]
[Result "0-1"]
[ECO "A00"]
[WhiteElo "1209"]
[BlackElo "1368"]
[PlyCount "82"]
[EventDate "2023.07.25"]
[EventRounds "7"]
[EventCountry "ENG"]

1. d4 Nf6 2. Nf3 d5 3. Bf4 c5 4. e3 Nc6 5. Bb5 Bg4 6. Nbd2 e6 7. h3 Bh5 8. c3 Be7
9. Qa4 Qb6 10. Bxc6+ Qxc6 11. Qxc6+ bxc6 12. Ne5 cxd4 13. cxd4 Rc8 14. Rc1 c5 15.
g4 Bg6 16. Nxg6 hxg6 17. Ke2 O-O 18. Be5 Nd7 19. Bg3 cxd4 20. exd4 Bf6 21. Nb3 Nb6
22. f4 Nc4 23. g5 Be7 24. Rc2 a5 25. Nd2 Nd6 26. Rcc1 Nf5 27. Bf2 Bd6 28. Be3 Ng3+
29. Kd3 Nxh1 30. Rxh1 f6 31. h4 Rc7 32. h5 gxh5 33. g6 Rfc8 34. Rxh5 a4 35. f5 e5
36. dxe5 Bxe5 37. Bd4 Bxd4 38. Kxd4 Rc2 39. Rh2 Rxb2 40. Re2 Rxa2 41. Nf3 Rxe2  0-1

[Event "British Chess Championships 2023: U12 Championship"]
[Site "The Venue, De Montfort University, 20 Western Boulevard, Leicester, LE2 7BU"]
[Date "2023.07.26"]
[Round "2"]
[Board "19"]
[White "Volovich, Andrew"]
[Black "De Silva, Sithun"]
[Result "0-1"]
[ECO "A00"]
[WhiteElo "1373"]
[BlackElo "1664"]
[PlyCount "88"]
[EventDate "2023.07.25"]
[EventRounds "7"]
[EventCountry "ENG"]

1. e4 e6 2. d4 d5 3. exd5 exd5 4. Bd3 Bd6 5. Nf3 Ne7 6. O-O O-O 7. b3 c6 8. c4 Bf5
9. Bxf5 Nxf5 10. Ba3 Nd7 11. Bxd6 Nxd6 12. cxd5 cxd5 13. Ne5 Re8 14. Re1 f6 15. Nxd7
Qxd7 16. Nc3 Nb5 17. Rxe8+ Rxe8 18. Nxb5 Qxb5 19. Qf1 Qe2 20. h3 Qxf1+ 21. Kxf1 Kf7
22. Rd1 Re6 23. Rd3 Ke7 24. Re3 Kd6 25. Ke2 h5 26. g4 hxg4 27. hxg4 Re4 28. Rxe4
dxe4 29. f4 exf3+ 30. Kxf3 Kd5 31. Kf4 g6 32. Ke3 f5 33. gxf5 gxf5 34. Kf4 Kxd4 35.
Kxf5 Kc3 36. Ke5 Kb2 37. Kd5 Kxa2 38. b4 Kb3 39. Kc5 Ka4 40. Kc4 b5+ 41. Kc3 a6 42.
Kb2 Kxb4 43. Ka2 Kc3 44. Kb1 b4  0-1

[Event "British Chess Championships 2023: U12 Championship"]
[Site "The Venue, De Montfort University, 20 Western Boulevard, Leicester, LE2 7BU"]
[Date "2023.07.26"]
[Round "2"]
[Board "20"]
[White "Tagg, George"]
[Black "Paintin, Zac"]
[Result "1-0"]
[ECO "A00"]
[WhiteElo "1253"]
[BlackElo "1458"]
[PlyCount "95"]
[EventDate "2023.07.25"]
[EventRounds "7"]
[EventCountry "ENG"]

1. e4 c5 2. Nf3 d6 3. Bb5+ Bd7 4. Bxd7+ Qxd7 5. d3 g6 6. Nc3 Bg7 7. Bf4 Nf6 8. O-O
O-O 9. Qd2 Nc6 10. Bh6 Nd4 11. Nxd4 cxd4 12. Nd5 Nxd5 13. exd5 Qb5 14. Bxg7 Kxg7
15. c4 dxc3 16. Qxc3+ Kg8 17. Qb3 Qxb3 18. axb3 Rfc8 19. Rfc1 a5 20. h3 a4 21. Rxc8+
Rxc8 22. Rxa4 Rc5 23. Rd4 Rc2 24. Rb4 Rxb2 25. Rxb7 Kf8 26. d4 Rb1+ 27. Kh2 Ke8 28.
Kg3 Rb2 29. Kf3 Rc2 30. Ke3 Kd8 31. g3 Rc7 32. Rxc7 Kxc7 33. Kf4 f6 34. g4 h6 35.
h4 g5+ 36. hxg5 hxg5+ 37. Kf5 Kd7 38. Kg6 e6 39. Kxf6 exd5 40. Kxg5 Ke6 41. Kg6 Ke7
42. Kg7 Ke6 43. f4 Ke7 44. f5 Ke8 45. f6 Kd7 46. f7 Ke7 47. f8=Q+ Ke6 48. Qe8#  1-0

[Event "British Chess Championships 2023: U12 Championship"]
[Site "The Venue, De Montfort University, 20 Western Boulevard, Leicester, LE2 7BU"]
[Date "2023.07.26"]
[Round "2"]
[Board "21"]
[White "Singh, Avyanna"]
[Black "Puthanveettil, Joshua"]
[Result "0-1"]
[ECO "A00"]
[WhiteElo "1246"]
[BlackElo "1419"]
[PlyCount "58"]
[EventDate "2023.07.25"]
[EventRounds "7"]
[EventCountry "ENG"]

1. e4 e5 2. Nf3 Nc6 3. d4 exd4 4. Nxd4 Bc5 5. Nb3 Bb6 6. Nc3 Nf6 7. Bg5 h6 8. Bh4
d6 9. Qe2 Nd4 10. Nxd4 Bxd4 11. Qd3 Be5 12. O-O-O Bd7 13. f3 g5 14. Bf2 Qe7 15. Be2
a6 16. Kb1 O-O-O 17. Qe3 Bc6 18. Bc4 Bxc3 19. Qxc3 Rhf8 20. Bxa6 Bxe4 21. Rhe1 bxa6
22. fxe4 Nxe4 23. Qh3+ f5 24. Bd4 c5 25. Bg1 Qf6 26. Qa3 Kd7 27. Rd3 Rb8 28. Qa4+
Rb5 29. c4 Qxb2#  0-1

[Event "British Chess Championships 2023: U12 Championship"]
[Site "The Venue, De Montfort University, 20 Western Boulevard, Leicester, LE2 7BU"]
[Date "2023.07.26"]
[Round "2"]
[Board "22"]
[White "Gill, Veer"]
[Black "Eccleston, Rowan"]
[Result "1/2-1/2"]
[ECO "A00"]
[WhiteElo "1443"]
[BlackElo "1028"]
[PlyCount "48"]
[EventDate "2023.07.25"]
[EventRounds "7"]
[EventCountry "ENG"]

1. e4 e5 2. Nf3 Nc6 3. d4 exd4 4. Nxd4 Qf6 5. Be3 Bc5 6. c3 Nge7 7. Be2 O-O 8. O-O
d5 9. Nxc6 Qxc6 10. Bxc5 Qxc5 11. Nd2 b6 12. exd5 Nxd5 13. Bf3 Bb7 14. c4 Ne3 15.
fxe3 Qxe3+ 16. Rf2 Bxf3 17. Qxf3 Qd4 18. Qb3 Rfe8 19. Nf3 Qc5 20. Kf1 Re4 21. Rc1
Rae8 22. Re1 Rxe1+ 23. Nxe1 Qe5 24. Nd3 Qxh2  1/2-1/2

[Event "British Chess Championships 2023: U12 Championship"]
[Site "The Venue, De Montfort University, 20 Western Boulevard, Leicester, LE2 7BU"]
[Date "2023.07.26"]
[Round "2"]
[Board "23"]
[White "Pannu, Aaron"]
[Black "Pai, Sidhanth"]
[Result "0-1"]
[ECO "A00"]
[WhiteElo "1166"]
[BlackElo "1438"]
[PlyCount "122"]
[EventDate "2023.07.25"]
[EventRounds "7"]
[EventCountry "ENG"]

1. e4 e5 2. Nf3 Nc6 3. d4 exd4 4. c3 d3 5. Bxd3 Bc5 6. Bf4 d6 7. Nbd2 Nge7 8. O-O
O-O 9. Re1 h6 10. Qe2 Ng6 11. Be3 Bxe3 12. Qxe3 Re8 13. Nd4 Nce5 14. Nc4 Nxd3 15.
Qxd3 Qg5 16. Qe3 Nf4 17. Qg3 Qxg3 18. hxg3 Nd3 19. Re3 Nc5 20. Nb5 Ne6 21. e5 d5
22. Nd2 a6 23. Nd4 Bd7 24. c4 Nxd4 25. cxd5 Nc2 26. Rc1 Nxe3 27. fxe3 Rac8 28. d6
cxd6 29. Rxc8 Rxc8 30. exd6 Rc1+ 31. Kh2 Kf8 32. Nf3 f6 33. e4 Rd1 34. e5 fxe5 35.
Nxe5 Rxd6 36. Nc4 Re6 37. Na5 Bc6 38. Nb3 Re2 39. Nd4 Rxg2+ 40. Kh3 Rxb2 41. Ne6+
Kg8 42. a3 Bd7 43. g4 Bxe6 44. Kh4 g5+ 45. Kh5 Rh2+ 46. Kg6 Bf7+ 47. Kf6 Rf2+ 48.
Ke5 Rf4 49. a4 b5 50. axb5 axb5 51. Kd6 Rf6+ 52. Ke7 b4 53. Kd8 b3 54. Ke7 b2 55.
Kd7 b1=Q 56. Kc7 Qc2+ 57. Kd7 Qd3+ 58. Kc7 Be8 59. Kb7 Qc4 60. Ka8 Qb5 61. Ka7 Ra6#
 0-1

[Event "British Chess Championships 2023: U12 Championship"]
[Site "The Venue, De Montfort University, 20 Western Boulevard, Leicester, LE2 7BU"]
[Date "2023.07.26"]
[Round "2"]
[Board "24"]
[White "Nilim, Armaan"]
[Black "Van Neerven, Yvon"]
[Result "1/2-1/2"]
[ECO "A00"]
[WhiteElo "1351"]
[BlackElo "1228"]
[PlyCount "120"]
[EventDate "2023.07.25"]
[EventRounds "7"]
[EventCountry "ENG"]

1. c4 c5 2. Nc3 Nf6 3. g3 Nc6 4. Bg2 d6 5. e4 Bd7 6. Nge2 g6 7. d3 Bg7 8. O-O O-O
9. h3 Qc8 10. Kh2 h5 11. a3 Rb8 12. Be3 e5 13. Rb1 a5 14. Qd2 Kh7 15. Nd5 Nxd5 16.
cxd5 Ne7 17. Qxa5 b6 18. Qd2 f5 19. Rfc1 Qe8 20. f4 Rh8 21. fxe5 Bxe5 22. Bf4 Nc8
23. Bxe5 Qxe5 24. Qf4 Kg7 25. Qxe5+ dxe5 26. b4 Nd6 27. bxc5 bxc5 28. Rxb8 Rxb8 29.
Rxc5 Kf8 30. Rc7 Ke7 31. Rc3 Rb2 32. Bf3 fxe4 33. dxe4 Nxe4 34. Re3 Nf6 35. Rxe5+
Kd6 36. Rg5 Bf5 37. Kg2 Nh7 38. Rxf5 gxf5 39. Bxh5 Kxd5 40. Kf2 Nf6 41. Bf3+ Ne4+
42. Ke3 Rb3+ 43. Kf4 Rxa3 44. g4 Kd6 45. gxf5 Nf6 46. Ng3 Ke7 47. Nh5 Rb3 48. Nxf6
Kxf6 49. h4 Rb8 50. Bd5 Rh8 51. Kg4 Rh7 52. Be6 Rg7+ 53. Kf4 Rh7 54. Kg4 Rg7+ 55.
Kh3 Ke5 56. h5 Rh7 57. Kh4 Kf6 58. Ba2 Rh6 59. Be6 Rh7 60. Kg4 Rg7+  1/2-1/2

[Event "British Chess Championships 2023: U12 Championship"]
[Site "The Venue, De Montfort University, 20 Western Boulevard, Leicester, LE2 7BU"]
[Date "2023.07.26"]
[Round "2"]
[Board "25"]
[White "Hilmi, Sofia"]
[Black "Fang, Brandon Jun Qiao"]
[Result "1/2-1/2"]
[ECO "A00"]
[WhiteElo "1128"]
[BlackElo "1404"]
[PlyCount "134"]
[EventDate "2023.07.25"]
[EventRounds "7"]
[EventCountry "ENG"]

1. e4 c5 2. Nf3 d6 3. Nc3 Nf6 4. d4 cxd4 5. Nxd4 a6 6. Bg5 e6 7. Bd3 Be7 8. O-O O-O
9. Re1 Nxe4 10. Bxe7 Nxc3 11. Qh5 g6 12. Qg5 f6 13. Bxd8 fxg5 14. Bxg5 Nd5 15. Nxe6
Bxe6 16. Rxe6 Nc6 17. Rxd6 Nb6 18. a4 Rf7 19. a5 Rd7 20. Rxd7 Nxd7 21. Bc4+ Kf8 22.
c3 Nde5 23. Be2 Nf7 24. Bf4 Re8 25. Bf3 Nfe5 26. Bxe5 Rxe5 27. Bxc6 bxc6 28. b4 c5
29. h3 cxb4 30. cxb4 Rb5 31. Rb1 Ke7 32. f4 Kd6 33. Kf2 Kd5 34. g4 Kc4 35. f5 gxf5
36. Kg3 fxg4 37. hxg4 h5 38. Rf1 hxg4 39. Rf4+ Kb3 40. Rxg4 Rxb4 41. Rg6 Ka4 42.
Rxa6 Rb5 43. Ra8 Rc5 44. a6 Kb5 45. a7 Kb6 46. Rb8+ Kxa7 47. Rh8 Kb6 48. Rh6+ Kc7
49. Rh7+ Kd8 50. Rh8+ Ke7 51. Rh7+ Kf8 52. Ra7 Kg8 53. Ra8+ Kg7 54. Ra6 Rc7 55. Rd6
Kf7 56. Kg4 Rb7 57. Kf5 Rb5+ 58. Ke4 Ke7 59. Rh6 Rb4+ 60. Kd5 Rb5+ 61. Kc4 Rf5 62.
Ra6 Rf4+ 63. Kd5 Kf7 64. Ke5 Rh4 65. Kf5 Ke8 66. Ra7 Kd8 67. Ke6 Rh6+  1/2-1/2

[Event "British Chess Championships 2023: U12 Championship"]
[Site "The Venue, De Montfort University, 20 Western Boulevard, Leicester, LE2 7BU"]
[Date "2023.07.26"]
[Round "2"]
[Board "26"]
[White "Gupta, Aditya"]
[Black "Murthy, Arush Ajai"]
[Result "1/2-1/2"]
[ECO "A00"]
[WhiteElo "1393"]
[BlackElo "1178"]
[PlyCount "142"]
[EventDate "2023.07.25"]
[EventRounds "7"]
[EventCountry "ENG"]

1. e4 e6 2. d4 d5 3. exd5 exd5 4. Nf3 Bd6 5. c4 c6 6. Nc3 Ne7 7. Bg5 Be6 8. c5 Bc7
9. Bd3 h6 10. Be3 O-O 11. Qc2 Nd7 12. h3 b6 13. b4 b5 14. O-O a5 15. a3 axb4 16.
axb4 Rxa1 17. Rxa1 Qb8 18. Qd2 Nf5 19. Re1 Nxe3 20. fxe3 Qb7 21. e4 Nb8 22. e5 Na6
23. Ne2 Ra8 24. Nf4 Nxb4 25. Qxb4 Ba5 26. Qb1 Bxe1 27. Qxe1 Qa6 28. Qg3 Qc8 29. Nh5
Qf8 30. Qh4 g6 31. Nf6+ Kh8 32. Ng5 Qg7 33. Qg3 Bf5 34. Qh4 Ra1+ 35. Kh2 Ra7 36.
Bxf5 gxf5 37. Nf3 Ra2 38. Ne1 Qg5 39. Qxg5 hxg5 40. Nd3 Ra4 41. Nd7 Rxd4 42. Nb2
Re4 43. Nb8 Rxe5 44. Nxc6 Re8 45. Nd4 Rc8 46. c6 Kg8 47. Nd3 Kf8 48. Nb4 Ke8 49.
Nxd5 f4 50. Nxb5 Rxc6 51. Nbc3 Kd7 52. Ne4 Ke6 53. Ndc3 Kf5 54. Kg1 Ke5 55. Kf2 f5
56. Nxg5 Rxc3 57. h4 Rg3 58. Nf3+ Kf6 59. Kf1 Kg6 60. Kf2 Kh5 61. Kf1 Rg4 62. Kf2
Rxh4 63. Nxh4 Kxh4 64. Kf3 Kg5 65. Ke2 Kg4 66. Kf2 f3 67. gxf3+ Kf4 68. Kg2 Ke3 69.
Kg3 Ke2 70. Kf4 Kf2 71. Kxf5 Kxf3  1/2-1/2

[Event "British Chess Championships 2023: U12 Championship"]
[Site "The Venue, De Montfort University, 20 Western Boulevard, Leicester, LE2 7BU"]
[Date "2023.07.26"]
[Round "2"]
[Board "27"]
[White "Shah, Samuel"]
[Black "Lee, Yuk Hei"]
[Result "0-1"]
[ECO "A00"]
[WhiteElo "1074"]
[BlackElo "1390"]
[PlyCount "72"]
[EventDate "2023.07.25"]
[EventRounds "7"]
[EventCountry "ENG"]

1. e4 e5 2. Nf3 Nc6 3. d4 exd4 4. Bc4 Bc5 5. c3 Nf6 6. cxd4 Bb4+ 7. Nc3 Nxe4 8. O-O
Bxc3 9. d5 Ne7 10. bxc3 O-O 11. Qc2 Nf6 12. Bg5 Ng6 13. Rfe1 d6 14. Bd3 h6 15. Bxf6
Qxf6 16. Bxg6 fxg6 17. Nd4 Bf5 18. Qd2 Rae8 19. f3 a6 20. g4 Bd7 21. Rab1 b5 22.
h3 Qh4 23. Qg2 Rxe1+ 24. Rxe1 Qxe1+ 25. Kh2 Qe5+ 26. Qg3 Qxd5 27. f4 Qxa2+ 28. Kg1
c5 29. Nf3 Qa1+ 30. Kf2 Qxc3 31. Ke2 Re8+ 32. Kf1 Bc6 33. Kg2 Re2+ 34. Kf1 Bxf3 35.
Qh4 Qa1+ 36. Qe1 Qxe1#  0-1

[Event "British Chess Championships 2023: U12 Championship"]
[Site "The Venue, De Montfort University, 20 Western Boulevard, Leicester, LE2 7BU"]
[Date "2023.07.26"]
[Round "2"]
[Board "28"]
[White "Patel, Diah"]
[Black "Burgess, Rose"]
[Result "0-1"]
[ECO "A00"]
[WhiteElo "1211"]
[BlackElo "1074"]
[PlyCount "60"]
[EventDate "2023.07.25"]
[EventRounds "7"]
[EventCountry "ENG"]

1. e4 e5 2. Nf3 Nc6 3. Nc3 Nf6 4. d4 exd4 5. Nxd4 Bc5 6. Nxc6 bxc6 7. e5 Qe7 8. Qe2
Nd5 9. Nxd5 cxd5 10. g3 O-O 11. Be3 Bxe3 12. Qxe3 Qb4+ 13. Qc3 Qe4+ 14. Qe3 Qxh1
15. O-O-O Qe4 16. Qg5 h6 17. Qh5 d6 18. f3 Qxe5 19. Qh4 Rb8 20. c3 Qe3+ 21. Rd2 Rxb2
22. Kxb2 Qxd2+ 23. Ka3 Qxc3+ 24. Ka4 Bd7+ 25. Bb5 Bxb5+ 26. Kxb5 Rb8+ 27. Ka4 d4
28. Qxd4 Qxd4+ 29. Ka5 Qb6+ 30. Ka4 Qb4#  0-1

[Event "British Chess Championships 2023: U12 Championship"]
[Site "The Venue, De Montfort University, 20 Western Boulevard, Leicester, LE2 7BU"]
[Date "2023.07.26"]
[Round "2"]
[Board "29"]
[White "Burnside, Aidan"]
[Black "Ho, Magus"]
[Result "1-0"]
[ECO "A00"]
[WhiteElo "1345"]
[BlackElo "1071"]
[PlyCount "125"]
[EventDate "2023.07.25"]
[EventRounds "7"]
[EventCountry "ENG"]

1. e4 e5 2. Nf3 Nc6 3. d4 exd4 4. Bc4 d6 5. Nxd4 Nxd4 6. Qxd4 Qf6 7. Be3 c5 8. Qxf6
Nxf6 9. Nc3 b6 10. O-O-O Bb7 11. Rhe1 Be7 12. Nd5 Nxd5 13. Bxd5 Bxd5 14. Rxd5 O-O
15. Bf4 Rad8 16. Red1 h6 17. Bxd6 Bxd6 18. Rxd6 Rxd6 19. Rxd6 Re8 20. f3 Kf8 21.
Rd7 Re7 22. Rd8+ Re8 23. Rxe8+ Kxe8 24. Kd2 Kd7 25. Kd3 Kd6 26. Kc4 Kc6 27. a4 a6
28. b4 b5+ 29. axb5+ axb5+ 30. Kc3 g6 31. Kb3 c4+ 32. Kc3 f5 33. exf5 gxf5 34. Kd4
Kd6 35. f4 Kc6 36. c3 Kd6 37. g3 h5 38. h4 Kd7 39. Kd5 Ke7 40. Ke5 Kd7 41. Kxf5 Kd6
42. Kg6 Kd5 43. f5 Ke4 44. f6 Kd3 45. f7 Kxc3 46. f8=Q Kb2 47. Qc5 c3 48. Qxb5 c2
49. Qc5 Ka1 50. b5 Kb2 51. b6 c1=Q 52. Qxc1+ Kxc1 53. b7 Kd2 54. b8=Q Ke3 55. Qb4
Kd3 56. Kf5 Ke3 57. Qc4 Kf3 58. Qe4+ Kxg3 59. Kg5 Kh3 60. Qf3+ Kh2 61. Kf4 Kg1 62.
Qe2 Kh1 63. Kg3  1-0

[Event "British Chess Championships 2023: U12 Championship"]
[Site "The Venue, De Montfort University, 20 Western Boulevard, Leicester, LE2 7BU"]
[Date "2023.07.26"]
[Round "2"]
[Board "30"]
[White "Bedford, Henry"]
[Black "Calvert, George"]
[Result "0-1"]
[ECO "A00"]
[WhiteElo "1025"]
[BlackElo "1345"]
[PlyCount "68"]
[EventDate "2023.07.25"]
[EventRounds "7"]
[EventCountry "ENG"]

1. e4 c5 2. Nf3 Nc6 3. Bc4 Nf6 4. e5 Ng4 5. Ng5 Ngxe5 6. Bb3 b5 7. c3 c4 8. Bc2 e6
9. O-O Qxg5 10. d4 Qf6 11. dxe5 Nxe5 12. f4 Bc5+ 13. Kh1 Ng6 14. Qf3 Rb8 15. b4 Bb6
16. Re1 O-O 17. a4 Bb7 18. Qg3 Nh4 19. Rg1 Bxg1 20. Kxg1 Nxg2 21. axb5 Nh4 22. Rxa7
e5 23. fxe5 Qb6+ 24. Be3 Qd8 25. Bg5 Nf3+ 26. Kf1 Nxg5 27. h4 Nf3 28. Ra2 Qb6 29.
Bxh7+ Kxh7 30. Rg2 g6 31. h5 g5 32. Nd2 Qe3 33. Nxf3 Bxf3 34. Ra2 Ra8  0-1

[Event "British Chess Championships 2023: U12 Championship"]
[Site "The Venue, De Montfort University, 20 Western Boulevard, Leicester, LE2 7BU"]
[Date "2023.07.26"]
[Round "2"]
[Board "31"]
[White "Konara, Seha"]
[Black "Ding, Yihua"]
[Result "1-0"]
[ECO "A00"]
[WhiteElo "1218"]
[BlackElo "977"]
[PlyCount "109"]
[EventDate "2023.07.25"]
[EventRounds "7"]
[EventCountry "ENG"]

1. e4 d6 2. d4 Nf6 3. Nc3 g6 4. h3 h6 5. Nf3 Bg7 6. Be3 b6 7. Bd3 Bb7 8. O-O c5 9.
d5 Nbd7 10. Re1 Qc8 11. Qe2 h5 12. Bd2 O-O 13. Bc4 e5 14. Nh4 Kh7 15. f4 Bh6 16.
f5 Bxd2 17. Qxd2 Ba6 18. Bb5 Bxb5 19. Nxb5 Ne8 20. Qg5 a6 21. fxg6+ fxg6 22. Qxg6+
Kh8 23. Qxh5+ Kg8 24. Qg6+ Ng7 25. Nf5 Rxf5 26. exf5 Qf8 27. Nc7 Re8 28. Nxe8 Qxe8
29. Qxe8+ Nxe8 30. Rad1 a5 31. a3 Kf7 32. b4 axb4 33. axb4 cxb4 34. Rb1 Nc7 35. Rxb4
Nxd5 36. Rh4 Kf6 37. g4 Nc7 38. Rh7 Nb5 39. Rxd7 Nd4 40. Kf2 Nxc2 41. Rxd6+ Ke7 42.
Re6+ Kd7 43. Rxb6 Nxe1 44. Kxe1 Kc7 45. Re6 Kd7 46. Rxe5 Kd6 47. Re2 Kd5 48. f6 Kd4
49. f7 Kd3 50. f8=Q Kc3 51. Re7 Kd4 52. Qd8+ Kc5 53. Rc7+ Kb6 54. Qb8+ Ka6 55. Ra7#
 1-0

[Event "British Chess Championships 2023: U12 Championship"]
[Site "The Venue, De Montfort University, 20 Western Boulevard, Leicester, LE2 7BU"]
[Date "2023.07.26"]
[Round "2"]
[Board "32"]
[White "Ding, Yicheng"]
[Black "Gomez, Hal"]
[Result "0-1"]
[ECO "A00"]
[WhiteElo "944"]
[BlackElo "1305"]
[PlyCount "140"]
[EventDate "2023.07.25"]
[EventRounds "7"]
[EventCountry "ENG"]

1. d4 Nf6 2. c4 e6 3. Nc3 Bb4 4. Qc2 Nc6 5. Nf3 O-O 6. g3 d5 7. a3 Be7 8. Bg2 a5
9. Na2 Re8 10. O-O b6 11. cxd5 Nb8 12. dxe6 Bxe6 13. e3 Ra7 14. Bd2 a4 15. Bb4 Bb3
16. Bxe7 Qxe7 17. Qf5 Ra5 18. Qd3 Qe6 19. Qb1 Ne4 20. Nc1 Bc4 21. Rd1 Rf5 22. Ne5
Nxf2 23. Rd2 Rxe5 24. dxe5 Qxe5 25. Rxf2 Qxe3 26. Na2 Qd4 27. Nc3 Re6 28. Qd1 Qe3
29. Qd8+ Re8 30. Qd2 Qe5 31. Rd1 Bb3 32. Re2 Qc5+ 33. Qd4 Rxe2 34. Qxc5 Bxd1 35.
Nxe2 bxc5 36. Nc3 Bb3 37. Nb5 Kf8 38. Nxc7 Ke7 39. Nd5+ Kd6 40. Nc3 Ke5 41. Be4 g6
42. Kf2 Kd4 43. Ke2 Nd7 44. Bc6 Nb6 45. h4 f5 46. Bb5 c4 47. Bc6 h6 48. Kd2 g5 49.
hxg5 hxg5 50. Ke2 f4 51. gxf4 gxf4 52. Kd2 Kc5 53. Bf3 Nd7 54. Nd1 Ne5 55. Be4 f3
56. Nc3 Kd4 57. Ke1 Ke3 58. Bh7 Nd3+ 59. Kf1 Nxb2 60. Nd5+ Kd4 61. Nb4 c3 62. Kf2
Bd1 63. Nc2+ Kc4 64. Bg8+ Kb5 65. Bh7 Kc4 66. Bg8+ Kd3 67. Bh7+ Kd2 68. Ne3 Nd3+
69. Bxd3 Kxd3 70. Nxd1 c2  0-1